[Event "San Fernando op 16th"]
[Site "Cadiz"]
[Date "2002.07.29"]
[Round "7"]
[White "Sanchez Martin, Celestino"]
[Black "Vargas, Mariano"]
[Result "1-0"]
[WhiteElo "1960"]
[BlackElo "2300"]
[PlyCount "83"]
[EventDate "2002.07.24"]
[EventType "swiss"]
[EventRounds "7"]
[EventCountry "ESP"]
[SourceTitle "CBM 089 Extra"]
[Source "ChessBase"]
[SourceDate "2002.09.10"]
[SourceVersion "2"]
[SourceVersionDate "2002.09.10"]
[SourceQuality "1"]

1. e4 d5 2. exd5 Nf6 3. Nc3 Nxd5 4. Bc4 Nxc3 5. Qf3 e6 6. Qxc3 c5 7. Nf3 Nc6 8. 0-0 Nd4 9. Nxd4 Qxd4 10. Bb5+ Bd7 11. Bxd7+ Kxd7 12. Qf3 Bd6 13. Qxb7+ Bc7 14. Qf3 f5 15. c3 Qe5 16. g3 Rab8 17. d4 cxd4 18. Rd1 Qc5 19. Rxd4+ Ke7 20. b4 Qb5 21. a4 Qe8 22. Bf4 Bb6 23. Bxb8 Bxd4 24. Bd6+ Kxd6 25. Qf4+ e5 26. Qd2 Qd7 27. cxd4 e4 28. Qf4+ Ke6 29. Qe5+ Kf7 30. Rc1 Rc8 31. Rxc8 Qxc8 32. Qc5 Qd7 33. b5 h5 34. a5 h4 35. b6 axb6 36. axb6 Kg6 37. d5 Kg5 38. Qc1+ Kh5 39. Qd1+ Kg5 40. d6 h3 41. b7 Qxb7 42. d7 1-0

[Event "San Fernando op 16th"]
[Site "Cadiz"]
[Date "2002.07.26"]
[Round "4"]
[White "Campos Gambuti, Luis Maria"]
[Black "Vargas, Mariano"]
[Result "1-0"]
[WhiteElo "2439"]
[BlackElo "2300"]
[PlyCount "44"]
[EventDate "2002.07.24"]
[EventType "swiss"]
[EventRounds "7"]
[EventCountry "ESP"]
[SourceTitle "CBM 089 Extra"]
[Source "ChessBase"]
[SourceDate "2002.09.10"]
[SourceVersion "2"]
[SourceVersionDate "2002.09.10"]
[SourceQuality "1"]

1. b3 d6 2. Bb2 e5 3. e3 f5 4. c4 Nf6 5. Nf3 c6 6. d4 e4 7. Nfd2 d5 8. Nc3 Bd6 9. c5 Bc7 10. g3 g5 11. h4 f4 12. hxg5 fxe3 13. gxf6 exf2+ 14. Kxf2 Qxf6+ 15. Kg2 0-0 16. Qe1 Bg4 17. Be2 Bf3+ 18. Bxf3 exf3+ 19. Kh2 Qh6+ 20. Kg1 f2+ 21. Qxf2 Qxh1+ 22. Kxh1 Rxf2 1-0